[Event "World Blitz 2025"]
[Site "Doha QAT"]
[Date "2025.12.29"]
[Round "3.94"]
[White "Akobian, Varuzhan"]
[Black "Suleimen, Ergali"]
[Result "1-0"]
[WhiteTitle "GM"]
[BlackTitle "IM"]
[WhiteElo "2549"]
[BlackElo "2419"]
[WhiteFideId "13300580"]
[BlackFideId "13724452"]
[EventDate "2025.12.29"]

1. d4 Nf6 2. Nf3 g6 3. c4 Bg7 4. Nc3 O-O 5. Bg5 d6 6. e3 Nbd7 7. Be2 h6 8. Bh4
e5 9. Qc2 c6 10. O-O Qc7 11. Rfd1 Re8 12. Rac1 Nf8 13. dxe5 dxe5 14. b4 Bf5 15.
Qb3 Ne4 16. Nxe4 Bxe4 17. Nd2 Bf5 18. c5 a5 19. a3 axb4 20. axb4 Be6 21. Bc4 g5
22. Bg3 f5 23. f3 Rad8 24. Bxe6+ Nxe6 25. Nc4 f4 26. Bf2 Bf8 27. Rxd8 Rxd8 28.
exf4 Nxf4 29. Nxe5+ Rd5 30. Re1 Bg7 31. Nc4 Nd3 32. Re8+ Kh7 33. Nd6 Qd7 34. Qc2
Rxd6 35. cxd6 Qxe8 36. Qxd3+ Kg8 37. d7 Qd8 38. Qd6 Kf7 39. h4 Bf6 40. hxg5 hxg5
41. Bc5 Qa8 42. Bd4 Bxd4+ 43. Qxd4 Ke7 44. Qg7+ Kd6 45. Qxg5 Kxd7 46. Qg7+ Kd6 1-0

[Event "World Blitz 2025"]
[Site "Doha QAT"]
[Date "2025.12.29"]
[Round "3.95"]
[White "Aziz, Husain"]
[Black "Henriquez Villagra, Cristobal"]
[Result "0-1"]
[WhiteTitle "IM"]
[BlackTitle "GM"]
[WhiteElo "2256"]
[BlackElo "2598"]
[WhiteFideId "12100293"]
[BlackFideId "3409350"]
[EventDate "2025.12.29"]

1. d4 d5 2. Nf3 e6 3. Bf4 Nf6 4. e3 c5 5. Nbd2 Nc6 6. c3 cxd4 7. exd4 Nh5 8. Be3
g6 9. Bd3 Bg7 10. O-O O-O 11. Re1 b6 12. Nf1 Bb7 13. Qd2 f5 14. Bh6 Qd6 15. Bxg7
Kxg7 16. Bb5 Nd8 17. Ne5 Nf7 18. a4 Nf6 19. f3 a6 20. Bd3 Rae8 21. Ng3 Nxe5 22.
Rxe5 Nd7 23. Ree1 f4 24. Ne2 Re7 25. Bc2 a5 26. Nc1 e5 27. dxe5 Nxe5 28. Qd4 Ba6
29. Bd3 Bc8 30. Bb5 Bf5 31. Nb3 Bc2 32. Nd2 Qc5 33. b4 axb4 34. Qxc5 bxc5 35.
cxb4 cxb4 36. a5 b3 37. a6 b2 38. Ra2 Nxf3+ 39. Kf2 Rxe1 40. Rxb2 Rc1 41. Nxf3
Be4 42. Nd4 Ra1 43. Be2 Rf7 44. Nc6 h6 45. Rb7 g5 46. Ne5 Rxb7 47. axb7 Rb1 48.
Ba6 d4 49. Nc4 0-1

[Event "World Blitz 2025"]
[Site "Doha QAT"]
[Date "2025.12.29"]
[Round "3.96"]
[White "Musovic, Armin"]
[Black "Nogerbek, Kazybek"]
[Result "0-1"]
[WhiteTitle "FM"]
[BlackTitle "GM"]
[WhiteElo "2190"]
[BlackElo "2539"]
[WhiteFideId "939935"]
[BlackFideId "13710427"]
[EventDate "2025.12.29"]

1. a3 e5 2. d4 exd4 3. Qxd4 Nc6 4. Qa4 d5 5. Nc3 Be7 6. Nf3 h6 7. Bf4 Nf6 8.
O-O-O Bf5 9. Nd4 Bd7 10. Ndb5 O-O 11. Nxd5 Nxd5 12. Rxd5 a6 13. Nxc7 Rc8 14. e3
Rxc7 15. Bxc7 Qxc7 16. Qf4 Qxf4 17. exf4 Be6 18. Rd1 Bc5 19. Rd2 Rc8 20. Kb1 g6
21. h4 h5 22. g3 Rd8 23. Rxd8+ Nxd8 24. Rh2 a5 25. Bb5 Kf8 26. f3 Ke7 27. Rd2
Nc6 28. c3 Bb3 29. Bd3 Kf6 30. Re2 Bd6 31. Be4 Bc7 32. Rd2 Ke6 33. Bc2 a4 34.
Re2+ Kf6 35. Be4 Na5 36. Rd2 Ke7 37. Re2 Kf6 38. Rd2 Be6 39. Rd4 b5 40. Bd5 Bb6
41. Rd1 Nc4 42. Bxe6 Kxe6 43. Re1+ Kd6 44. Re2 Ne3 45. Rd2+ Kc6 46. Re2 Nf5 47.
Rg2 Kd5 48. Kc1 Kc4 49. Kb1 0-1

[Event "World Blitz 2025"]
[Site "Doha QAT"]
[Date "2025.12.29"]
[Round "3.69"]
[White "Dlugy, Maxim"]
[Black "Altini, Nicola"]
[Result "1/2-1/2"]
[WhiteTitle "GM"]
[BlackTitle "IM"]
[WhiteElo "2502"]
[BlackElo "2360"]
[WhiteFideId "2000075"]
[BlackFideId "833924"]
[EventDate "2025.12.29"]

1. d4 d5 2. Bf4 c5 3. Nc3 Nc6 4. e4 cxd4 5. exd5 dxc3 6. dxc6 Qxd1+ 7. Rxd1 bxc6
8. Bc7 f6 9. Rd8+ Kf7 10. bxc3 Bb7 11. Bc4+ e6 12. Rd7+ Be7 13. Nf3 Bc8 14. Rd2
Nh6 15. O-O c5 16. Re1 Re8 17. Bb5 Bb7 18. Bxe8+ Rxe8 19. Bf4 Nf5 20. Rd7 Bxf3
21. gxf3 e5 22. Be3 Ke6 23. Rxa7 Nh4 24. Rb1 Nxf3+ 25. Kg2 Nh4+ 26. Kf1 f5 27.
Rb6+ Kd5 28. Rxe7 Rxe7 29. Bg5 Ra7 30. Bxh4 Rxa2 31. Be7 Rxc2 32. Rd6+ Ke4 33.
Rc6 Kf3 34. Ke1 Rxc3 35. Bxc5 Rc1+ 36. Kd2 Rc4 37. Rc7 g5 38. Bb6 Rxc7 39. Bxc7
Kxf2 40. Bxe5 f4 41. Kd3 h5 42. Ke4 h4 43. Bf6 Kg2 44. Bxg5 f3 45. Bxh4 Kxh2 46.
Kxf3 1/2-1/2

[Event "World Blitz 2025"]
[Site "Doha QAT"]
[Date "2025.12.29"]
[Round "3.70"]
[White "Motylev, Alexander"]
[Black "Meng, Yihan"]
[Result "1-0"]
[WhiteTitle "GM"]
[BlackTitle "IM"]
[WhiteElo "2573"]
[BlackElo "2456"]
[WhiteFideId "4121830"]
[BlackFideId "8631891"]
[EventDate "2025.12.29"]

1. d4 d5 2. Nf3 Nf6 3. g3 g6 4. c4 dxc4 5. Bg2 Bg7 6. Na3 c5 7. Nxc4 O-O 8. O-O
Be6 9. Nce5 cxd4 10. Qxd4 Qxd4 11. Nxd4 Bd5 12. Rd1 Bxg2 13. Kxg2 Rd8 14. Bg5
Nbd7 15. Nef3 h6 16. Bd2 Ne4 17. Ba5 b6 18. Be1 Rac8 19. b4 Ne5 20. Rac1 Nxf3
21. Nxf3 Nd6 22. a4 b5 23. axb5 Nxb5 24. Rxc8 Rxc8 25. Rd7 Rc7 26. Rd8+ Kh7 27.
h4 Rc2 28. Kf1 Bf6 29. Rd7 a6 30. e4 Rc7 31. Rxc7 Nxc7 32. e5 Bg7 33. Ke2 e6 34.
Kd3 Bf8 35. Kc4 Be7 36. Nd4 g5 37. Nc6 Bf8 38. h5 Kg7 39. g4 f5 40. exf6+ Kxf6
41. Bc3+ Kf7 42. Be5 Nd5 43. Nb8 Nxb4 44. Bc3 a5 45. Kb5 Nd5 46. Bxa5 Bd6 47.
Nc6 Nf6 48. f3 e5 49. Bc3 Ke6 50. Kc4 Nd5 51. Nd8+ Kd7 52. Kxd5 1-0

[Event "World Blitz 2025"]
[Site "Doha QAT"]
[Date "2025.12.29"]
[Round "3.71"]
[White "Alrehaili, Ahmed Abdullah S"]
[Black "Gholami Orimi, Mahdi"]
[Result "0-1"]
[WhiteTitle "FM"]
[BlackTitle "GM"]
[WhiteElo "2106"]
[BlackElo "2515"]
[WhiteFideId "21518840"]
[BlackFideId "12558486"]
[EventDate "2025.12.29"]

1. e4 e5 2. Nf3 Nc6 3. Bc4 Nf6 4. d3 h6 5. O-O d6 6. c3 g5 7. a4 Bg7 8. Na3 O-O
9. Nc2 d5 10. exd5 Nxd5 11. a5 a6 12. d4 e4 13. Nd2 Bf5 14. Re1 Nf6 15. Ne3 Bg6
16. f3 exf3 17. Qxf3 Qd7 18. Nd5 Nxd5 19. Qxd5 Qc8 20. Nb3 Rd8 21. Qf3 Rd6 22.
Bd2 b6 23. axb6 cxb6 24. Rf1 Ra7 25. Rae1 Nxd4 26. cxd4 Qxc4 27. Rc1 Qd5 28.
Rc8+ Kh7 29. Qxd5 Rxd5 30. Bc3 a5 31. Nd2 b5 32. Nf3 b4 33. Bd2 g4 34. Ne5 Bxe5
35. dxe5 Rxd2 0-1

[Event "World Blitz 2025"]
[Site "Doha QAT"]
[Date "2025.12.29"]
[Round "3.72"]
[White "Rakhmanov, Aleksandr"]
[Black "Abdilkhair, Abilmansur"]
[Result "1-0"]
[WhiteTitle "GM"]
[BlackTitle "IM"]
[WhiteElo "2585"]
[BlackElo "2378"]
[WhiteFideId "4173708"]
[BlackFideId "13716417"]
[EventDate "2025.12.29"]

1. c4 Nf6 2. Nc3 d5 3. d4 dxc4 4. e3 e5 5. Bxc4 exd4 6. exd4 Bd6 7. Nge2 O-O 8.
O-O h6 9. a3 Nc6 10. Ba2 Bf5 11. f3 Qd7 12. Be3 Ne7 13. Ng3 Bxg3 14. hxg3 Nfd5
15. Bf2 Nxc3 16. bxc3 Be6 17. c4 c6 18. a4 Rfd8 19. Qe2 b5 20. axb5 cxb5 21. d5
Bf5 22. g4 Bh7 23. Rfe1 Re8 24. cxb5 Ng6 25. Qd2 Ne5 26. Qd4 Nd3 27. Rxe8+ Rxe8
28. Bc4 Nxf2 29. Kxf2 Bg6 30. d6 Rd8 31. Rxa7 Qxd6 32. Qxd6 Rxd6 33. Ke3 Kf8 34.
Ra6 Rd1 35. b6 Rb1 36. Kd4 Ke7 37. Kc5 Kd7 38. Bb5+ Ke6 39. b7+ 1-0

[Event "World Blitz 2025"]
[Site "Doha QAT"]
[Date "2025.12.29"]
[Round "3.73"]
[White "AlJamaat, Khaled"]
[Black "Kozak, Adam"]
[Result "0-1"]
[BlackTitle "GM"]
[WhiteElo "1719"]
[BlackElo "2546"]
[WhiteFideId "12102415"]
[BlackFideId "753246"]
[EventDate "2025.12.29"]

1. e4 e5 2. Nf3 Nc6 3. Bc4 Bc5 4. d3 Nf6 5. c3 d6 6. Bb3 a5 7. O-O Ba7 8. Be3
Bxe3 9. fxe3 O-O 10. Nbd2 Ne7 11. h3 Ng6 12. Qe1 a4 13. Bc2 b5 14. d4 c5 15. d5
c4 16. b3 cxb3 17. axb3 Bd7 18. bxa4 bxa4 19. Nc4 Qc7 20. Nfd2 Bb5 21. Bd3 Bxc4
22. Bxc4 Nxe4 23. Nxe4 Qxc4 24. Nxd6 Qxd5 25. Rd1 Qe6 26. c4 a3 27. c5 Ra6 28.
Qb4 a2 29. Ra1 f6 30. Qb5 Rfa8 31. Rfd1 Ne7 32. Rdc1 h6 33. Kh2 Qd5 34. Qc4 Qxc4
35. Nxc4 Nc6 36. Nb6 R8a7 37. Rc2 Ra3 38. Nc8 R7a5 39. Nd6 R3a4 40. Nb7 Ra7 41.
Nd6 Kh7 42. Rb2 Ra3 43. Rb6 R7a6 44. Rb7 Kg6 45. Ne8 Kf5 46. Nxg7+ Ke4 47. Ne8
Na5 48. Rb5 Nb3 49. Rxa2 Rxa2 50. Rxb3 Kf5 51. Nd6+ Ke6 52. Rc3 Rc6 53. Ne4 Ra4
54. Nd6 Ra5 55. Nb7 Ra8 56. Rd3 Ke7 57. Rc3 Ra7 58. Nd6 Rac7 59. Nf5+ Ke6 60.
Nxh6 f5 61. g4 fxg4 62. Nxg4 Kd5 63. Kg3 Rxc5 64. Rxc5+ Rxc5 65. Kf3 Ke6 66. Nf2
Kf5 67. Ne4 Ra5 68. h4 Ra1 69. Ng3+ Ke6 70. h5 Ra4 71. e4 Kf6 72. Nf5 Kg5 73. h6
Ra3+ 74. Ke2 Kf4 75. Nd6 Rh3 76. Nf5 Kxe4 77. Nd6+ Kf4 78. Kf2 Rh2+ 79. Kg1 Rxh6
80. Nc4 Ra6 81. Kf2 e4 82. Kf1 Ra1+ 83. Ke2 Ra2+ 84. Kd1 e3 85. Ke1 0-1

[Event "World Blitz 2025"]
[Site "Doha QAT"]
[Date "2025.12.29"]
[Round "3.74"]
[White "Kosakowski, Jakub"]
[Black "Fandi, Mazen"]
[Result "1-0"]
[WhiteTitle "GM"]
[BlackTitle "FM"]
[WhiteElo "2549"]
[BlackElo "2304"]
[WhiteFideId "1185080"]
[BlackFideId "7611625"]
[EventDate "2025.12.29"]

1. e4 c6 2. d4 d5 3. e5 Bf5 4. Nf3 e6 5. Be2 Nd7 6. O-O Ne7 7. c3 Qc7 8. a4 h6
9. a5 a6 10. b4 O-O-O 11. Na3 g5 12. Bd2 Kb8 13. c4 dxc4 14. Nxc4 Nd5 15. Qb3 f6
16. exf6 N7xf6 17. Rfc1 Ne4 18. Be1 Bg7 19. b5 axb5 20. Nce5 g4 21. a6 gxf3 22.
axb7 Bxe5 23. Bxb5 Bxh2+ 24. Kf1 fxg2+ 25. Kxg2 Rhg8+ 26. Kf1 Rg1+ 27. Ke2 Nf4+
28. Ke3 Ng2+ 29. Ke2 Bg4+ 30. f3 Nf4+ 31. Ke3 Nd5+ 32. Ke2 Rg2+ 33. Kd1 Ndc3+
34. Rxc3 Rxd4+ 35. Rd3 Bxf3+ 36. Kc1 cxb5+ 37. Kb1 Nd2+ 38. Bxd2 Rxd2 39. Rxd2
Rxd2 40. Ra8+ Kxb7 41. Qxf3+ Kb6 42. Qe3+ Qc5 43. Ra6+ Kxa6 44. Qxc5 Bf4 45.
Qc6+ Ka5 46. Qa8+ Kb4 47. Qe4+ Kc3 48. Qf3+ Rd3 49. Qxf4 Rd4 50. Qe3+ Kc4 51.
Qxe6+ Kc5 52. Qxh6 Rc4 53. Kb2 Rb4+ 54. Kc3 Rc4+ 55. Kd3 Kb4 56. Qd6+ Ka4 57.
Qa6+ Kb4 58. Qa1 Kc5 59. Qa3+ Kb6 60. Ke3 Kc6 61. Qa7 Ra4 62. Qb8 Rc4 63. Kd3
Kc5 64. Qf8+ Kb6 65. Qd6+ Ka5 66. Kd2 Ka4 67. Qa6+ Kb4 68. Qa7 Kb3 69. Qa5 b4
70. Qd5 1-0

[Event "World Blitz 2025"]
[Site "Doha QAT"]
[Date "2025.12.29"]
[Round "3.75"]
[White "Madaminov, Mukhiddin"]
[Black "Dinham, James"]
[Result "1-0"]
[WhiteTitle "GM"]
[WhiteElo "2552"]
[BlackElo "2091"]
[WhiteFideId "14210703"]
[BlackFideId "14327023"]
[EventDate "2025.12.29"]

1. e4 c5 2. Nf3 d6 3. Bb5+ Bd7 4. Bxd7+ Qxd7 5. c4 g6 6. d4 cxd4 7. Nxd4 Bg7 8.
Be3 Nf6 9. f3 O-O 10. Nc3 Nc6 11. O-O Rac8 12. b3 a6 13. Rc1 Qd8 14. Qd2 Qa5 15.
Rfd1 Rfe8 16. Nxc6 bxc6 17. c5 dxc5 18. Na4 Qxd2 19. Rxd2 Red8 20. Nxc5 Rxd2 21.
Bxd2 Ne8 22. Nxa6 Bd4+ 23. Kf1 c5 24. Rc2 e5 25. Bb4 Nd6 26. Nxc5 Nb7 27. Ba3
Nxc5 28. Ke2 Rc7 29. Bxc5 Rxc5 30. Rxc5 Bxc5 31. Kd3 f5 32. Kc4 Ba3 33. Kd5 Bb2
34. b4 Kf7 35. a4 Ke7 36. Kc6 Bd4 37. a5 h5 38. b5 g5 39. b6 g4 40. exf5 h4 41.
h3 gxf3 42. gxf3 Kd8 43. a6 Kc8 44. a7 1-0

[Event "World Blitz 2025"]
[Site "Doha QAT"]
[Date "2025.12.29"]
[Round "3.76"]
[White "Tsaruk, Maksim"]
[Black "So, Wesley"]
[Result "0-1"]
[WhiteTitle "GM"]
[BlackTitle "GM"]
[WhiteElo "2515"]
[BlackElo "2753"]
[WhiteFideId "13511173"]
[BlackFideId "5202213"]
[EventDate "2025.12.29"]

1. e4 c5 2. Nf3 d6 3. d4 cxd4 4. Nxd4 Nf6 5. Nc3 a6 6. g3 e5 7. Nde2 Be7 8. Bg2
h5 9. Bg5 Nbd7 10. Qd2 b5 11. a4 Bb7 12. axb5 axb5 13. Rxa8 Qxa8 14. O-O b4 15.
Nb5 O-O 16. Nxd6 Bxd6 17. Qxd6 Bxe4 18. f3 Bxc2 19. Qxb4 Rb8 20. Qc3 Bf5 21.
Bxf6 Nxf6 22. Qxe5 Bd3 23. Qe3 Qa6 24. Nf4 Bxf1 25. Bxf1 Qb6 26. Qxb6 Rxb6 27.
Nd3 Nd5 28. f4 Kf8 29. Kf2 Ke7 30. Be2 g6 31. Kf3 Rb3 32. Ke4 Nb4 33. Ne5 Rxb2
34. Bc4 0-1

[Event "World Blitz 2025"]
[Site "Doha QAT"]
[Date "2025.12.29"]
[Round "3.97"]
[White "Martinez Alcantara, Jose Eduardo"]
[Black "Urkedal, Frode Olav Olsen"]
[Result "1-0"]
[WhiteTitle "GM"]
[BlackTitle "GM"]
[WhiteElo "2667"]
[BlackElo "2568"]
[WhiteFideId "3805662"]
[BlackFideId "1506102"]
[EventDate "2025.12.29"]

1. b3 Nf6 2. Bb2 g6 3. c4 Bg7 4. g3 O-O 5. Bg2 c5 6. Nf3 d5 7. cxd5 Qxd5 8. O-O
Qh5 9. d3 Bh3 10. Nbd2 Nc6 11. Rc1 b6 12. Rc4 Bxg2 13. Kxg2 Rad8 14. Qa1 Ne8 15.
a3 Qd5 16. b4 Bxb2 17. Qxb2 Nd6 18. Rcc1 cxb4 19. axb4 Qb5 20. Rb1 Nf5 21. Ne4
Nfd4 22. Nc3 Qh5 23. Ng1 Ne5 24. h3 f5 25. Nb5 Nec6 26. Nxd4 Nxd4 27. e3 Nb5 28.
Qe5 a6 29. d4 Rf7 30. Rbc1 Nd6 31. Nf3 b5 32. Rc7 Re8 33. Rfc1 Nc4 34. Qe6 g5
35. R1xc4 bxc4 36. Ne5 f4 37. g4 f3+ 38. Kh2 1-0

[Event "World Blitz 2025"]
[Site "Doha QAT"]
[Date "2025.12.29"]
[Round "3.98"]
[White "Maghsoodloo, Parham"]
[Black "Xiao, Tong(QD)"]
[Result "1-0"]
[WhiteTitle "GM"]
[BlackTitle "GM"]
[WhiteElo "2708"]
[BlackElo "2555"]
[WhiteFideId "12539929"]
[BlackFideId "8622388"]
[EventDate "2025.12.29"]

1. c4 e5 2. Nc3 Nf6 3. Nf3 Nc6 4. g3 d5 5. cxd5 Nxd5 6. Bg2 Bc5 7. Qc2 Nf6 8. a3
a5 9. O-O h6 10. e3 O-O 11. b3 Re8 12. Bb2 e4 13. Ne1 Bf5 14. f3 exf3 15. Qxf5
fxg2 16. Nxg2 Qxd2 17. Rf2 Bxe3 18. Nxe3 Qxe3 19. Nd5 Qxf2+ 20. Kxf2 Nxd5 21.
Qxd5 Rad8 22. Qb5 Rd2+ 23. Kf1 Rxb2 24. Re1 Rb8 25. h4 Rd2 26. Re4 Rd6 27. Kg2
Rd2+ 28. Kh3 Rd6 29. Rf4 b6 30. b4 axb4 31. axb4 Nd4 32. Qc4 Ne6 33. Re4 Ra8 34.
Re2 h5 35. Rf2 Ra3 36. Qf1 Rdd3 37. Kh2 Rxg3 38. Rf5 g6 39. Rf6 Nd4 40. Qf4 Rh3+
41. Kg2 Ne6 42. Qh6 Rag3+ 43. Kf2 Rg4 44. Qc1 Rh2+ 45. Kf3 Nd4+ 46. Ke3 Rh3+ 47.
Kf2 Rh2+ 48. Ke3 Nc2+ 49. Kf3 Kg7 50. Rf4 Nd4+ 51. Ke4 Rhxh4 52. Rxg4 Rxg4+ 53.
Kd5 Ne6 54. Qa1+ Rd4+ 55. Ke5 Rxb4 56. Kd5+ Rd4+ 57. Ke5 c5 58. Qf1 Rf4 59. Qa1
Rd4 60. Qf1 Rd7 61. Qb5 Rd1 62. Qb3 Re1+ 63. Kd6 Rf1 64. Ke7 Rf5 65. Qb2+ Kh7
66. Qh2 b5 67. Qd2 b4 68. Qd3 Rf4 69. Qb3 h4 70. Qb2 g5 71. Qc2+ Kh6 72. Qb2 g4
73. Qh8+ Kg5 74. Qe5+ Rf5 75. Qe3+ Kh5 76. Qe4 Nd4 77. Kf8 h3 78. Kg7 Kh4 79.
Qe1+ Kh5 80. Qe3 h2 81. Qh6# 1-0

[Event "World Blitz 2025"]
[Site "Doha QAT"]
[Date "2025.12.29"]
[Round "3.99"]
[White "Mamedyarov, Shakhriyar"]
[Black "Piliposyan, Robert"]
[Result "1-0"]
[WhiteTitle "GM"]
[BlackTitle "IM"]
[WhiteElo "2730"]
[BlackElo "2442"]
[WhiteFideId "13401319"]
[BlackFideId "13309978"]
[EventDate "2025.12.29"]

1. c4 Nf6 2. Nc3 e5 3. Nf3 Nc6 4. e3 Bb4 5. Qb3 Bxc3 6. Qxc3 O-O 7. Nxe5 Nxe5 8.
Qxe5 Re8 9. Qd4 Re4 10. Qc3 d5 11. d4 c5 12. dxc5 d4 13. Qa3 Ng4 14. Bd3 Qh4 15.
g3 Qf6 16. O-O Re5 17. exd4 Rh5 18. h4 Qxd4 19. Bf4 Rxh4 20. Rad1 Qf6 21. Be4 g5
22. Rd6 Be6 23. Bd2 Rh2 24. Qf3 Qh6 25. Bc3 Re8 26. Rxe6 Qxe6 27. Bf5 Rh1+ 28.
Qxh1 Qxf5 29. Qd5 Qg6 30. Re1 Rxe1+ 31. Bxe1 Qh5 32. Qd8+ Kg7 33. Bc3+ f6 34.
Qe7+ Kg8 35. Qe6+ Kg7 36. Qd7+ Kh6 37. Qd4 Qh2+ 38. Kf1 Qh1+ 39. Ke2 Qh5 40. Kd2
Ne5 41. Qe4 Nf3+ 42. Kc2 Qg6 43. Kd3 Nh2 44. b4 Ng4 45. Qxg6+ Kxg6 46. Bd4 Kf5
47. b5 Ke6 48. a4 h5 49. f3 Nh6 50. a5 Nf5 51. Bf2 Kd7 52. Ke4 Ne7 53. c6+ bxc6
54. Bxa7 f5+ 55. Ke5 h4 56. gxh4 gxh4 57. Bg1 h3 58. a6 Kc8 59. b6 Kb8 60. Bh2 1-0

[Event "World Blitz 2025"]
[Site "Doha QAT"]
[Date "2025.12.29"]
[Round "3.100"]
[White "Tran, Thanh Tu"]
[Black "Aravindh, Chithambaram VR."]
[Result "0-1"]
[WhiteTitle "IM"]
[BlackTitle "GM"]
[WhiteElo "2402"]
[BlackElo "2703"]
[WhiteFideId "12401404"]
[BlackFideId "5072786"]
[EventDate "2025.12.29"]

1. d4 b6 2. Nf3 Bb7 3. Bf4 e6 4. e3 Nf6 5. h3 c5 6. c3 d5 7. Nbd2 Nbd7 8. Bd3
Be7 9. O-O O-O 10. Qe2 Ne4 11. Ba6 Qc8 12. Bxb7 Qxb7 13. Nxe4 dxe4 14. Nd2 f5
15. Rfd1 h6 16. a4 Nf6 17. dxc5 Bxc5 18. Nb3 Be7 19. Qc4 Nd5 20. Nd4 Rac8 21.
Qb3 Nxf4 22. exf4 Qd5 23. Qxd5 exd5 24. Nb5 a6 25. Na3 Rfd8 26. Nc2 Kf7 27. Nd4
g6 28. g3 Bf6 29. Kf1 Rc4 30. Nc2 d4 31. Nxd4 Bxd4 32. Rxd4 Rdxd4 33. cxd4 Ke6
34. b3 Rc3 35. Rb1 Kd5 36. Ke2 h5 37. h4 Kxd4 38. Rd1+ Rd3 39. Rc1 Rxb3 40. Rc6
Rb2+ 41. Kf1 b5 42. Rxa6 b4 43. Rxg6 Ra2 44. Rb6 Rxa4 45. Rb5 Kc4 46. Rxf5 b3
47. Re5 b2 48. Rxe4+ Kb5 49. Re1 Ra1 0-1

[Event "World Blitz 2025"]
[Site "Doha QAT"]
[Date "2025.12.29"]
[Round "3.101"]
[White "Gharibyan, Mamikon"]
[Black "Lazavik, Denis"]
[Result "0-1"]
[WhiteTitle "GM"]
[BlackTitle "GM"]
[WhiteElo "2491"]
[BlackElo "2605"]
[WhiteFideId "13308300"]
[BlackFideId "13515110"]
[EventDate "2025.12.29"]

1. d4 d5 2. c4 e6 3. Nc3 Nf6 4. cxd5 exd5 5. Bg5 Bb4 6. e3 h6 7. Bh4 g5 8. Bg3
Ne4 9. a3 Bxc3+ 10. bxc3 Nc6 11. f3 Nxg3 12. hxg3 Qe7 13. Kf2 Be6 14. Rb1 b6 15.
Bb5 Bd7 16. Qa4 Na5 17. Ne2 c6 18. Bd3 O-O-O 19. Qb4 Rde8 20. Qxe7 Rxe7 21. e4
dxe4 22. fxe4 f6 23. Rh2 h5 24. Ke3 Nb7 25. Rf1 Rh6 26. Ng1 Nd6 27. Nf3 Bg4 28.
c4 Kc7 29. Rhh1 Rh8 30. Re1 Rhe8 31. e5 fxe5 32. Nxe5 Nf7 33. Bg6 Nxe5 34. Bxe8
Nf3+ 35. Kf2 Nxe1 36. Rxe1 Rxe1 37. Kxe1 Be6 38. c5 h4 39. gxh4 gxh4 40. Bg6 Bd5
41. Kf2 b5 42. Bf5 a5 43. Bd3 a4 44. Bc2 b4 45. axb4 a3 46. Bb1 a2 47. Bxa2 Bxa2
48. g3 hxg3+ 49. Kxg3 Kb7 50. Kf4 Ka6 51. Ke5 Kb5 52. Kd6 Bd5 0-1

[Event "World Blitz 2025"]
[Site "Doha QAT"]
[Date "2025.12.29"]
[Round "3.102"]
[White "Keymer, Vincent"]
[Black "Bilguun, Sumiya"]
[Result "1-0"]
[WhiteTitle "GM"]
[BlackTitle "GM"]
[WhiteElo "2776"]
[BlackElo "2442"]
[WhiteFideId "12940690"]
[BlackFideId "4901541"]
[EventDate "2025.12.29"]

1. Nf3 c5 2. c4 g6 3. g3 Bg7 4. Bg2 Nc6 5. Nc3 d6 6. O-O e5 7. a3 a5 8. d3 Nge7
9. Rb1 O-O 10. b3 h6 11. Nd2 Be6 12. Nd5 f5 13. e3 Kh7 14. Bb2 Bg8 15. f4 Nxd5
16. cxd5 Ne7 17. e4 b5 18. a4 bxa4 19. bxa4 Rb8 20. fxe5 dxe5 21. Bc3 Rxb1 22.
Qxb1 Qd7 23. Qa1 Nc8 24. Nc4 Re8 25. Nxe5 Bxe5 26. Bxe5 Nd6 27. Qc3 Qe7 28. Bf6
Qa7 29. e5 Nf7 30. Kh1 Ng5 31. h4 Nf7 32. e6 Nd6 33. h5 gxh5 34. Qe5 Qc7 35. Bh3
Bf7 36. exf7 Rxe5 37. f8=Q Re8 38. Bxf5+ Nxf5 39. Qxe8 Nxg3+ 40. Kg2 Nxf1 41.
Qe4+ Kg8 42. Kxf1 Qf7 43. Qe6 h4 44. Qxf7+ Kxf7 45. Bxh4 1-0

[Event "World Blitz 2025"]
[Site "Doha QAT"]
[Date "2025.12.29"]
[Round "3.103"]
[White "Christiansen, Johan-Sebastian"]
[Black "Medhus, Vitus Bondo"]
[Result "1-0"]
[WhiteTitle "GM"]
[BlackTitle "FM"]
[WhiteElo "2655"]
[BlackElo "2387"]
[WhiteFideId "1512668"]
[BlackFideId "1462547"]
[EventDate "2025.12.29"]

1. e4 c5 2. Nf3 g6 3. c3 d5 4. exd5 Qxd5 5. d4 Bg7 6. Nbd2 Nf6 7. Bc4 Qd6 8. O-O
Nc6 9. d5 Nb8 10. Bb5+ Bd7 11. Bxd7+ Nbxd7 12. c4 O-O 13. Re1 Rfe8 14. Ng5 Qc7
15. Ndf3 h6 16. Ne4 Nxe4 17. Rxe4 Nf6 18. Re2 Rad8 19. Qa4 a6 20. Bd2 Qd7 21.
Qa3 b5 22. Ne5 Qc7 23. Ba5 Qd6 24. Bxd8 Rxd8 25. Nc6 Rd7 26. Qxa6 Kh7 27. Qxb5
h5 28. Ne5 Rc7 29. Nxf7 Qf4 30. g3 Qf5 31. Qb6 Qd3 32. Rae1 Rc8 33. Rxe7 Rf8 34.
Qe6 Qxc4 35. Ng5+ Kh6 36. Nf7+ Kh7 37. h3 h4 38. b3 Qd4 39. Ng5+ Kh6 40. Nf3 Qc3
41. Qe3+ Qxe3 42. R7xe3 Nxd5 43. Nxh4 Nxe3 44. Rxe3 Bd4 45. Re2 g5 46. Ng2 Kg6
47. Ne3 Ra8 48. Nc4 Ra6 49. Kg2 Ra8 50. Ne3 Re8 51. Kf1 Ra8 52. Nc4 Rf8 53. Ne5+
Kf5 54. Nd3 Ra8 55. Rc2 Ra5 56. Ke2 Ke6 57. Kf3 Kf5 58. Re2 Ra6 59. Rd2 Rd6 60.
Rc2 Rd5 61. Nb2 Rd8 62. Nc4 Ra8 63. Ne3+ Kg6 64. Kg2 Re8 65. Nf1 Ra8 66. Nd2 Kf5
67. Nf3 Rd8 68. Rd2 Rd7 69. b4 Ra7 70. Nxd4+ cxd4 71. Rxd4 Rxa2 72. Rd5+ Kf6 73.
b5 Rb2 74. Rc5 Kg6 75. Rc6+ Kf5 76. b6 g4 77. h4 Rb5 78. Rc4 Rxb6 79. Rf4+ Kg6
80. Rxg4+ Kh5 81. Rg5+ Kh6 82. f4 Rc6 83. Kh3 Rc2 84. Ra5 Rc6 85. Kg4 Rg6+ 86.
Rg5 Rb6 87. h5 Kh7 88. Rg6 Rb5 89. Ra6 Rc5 90. Kh4 Rc1 91. g4 Rc4 92. Ra7+ Kh8
93. Kg5 Rc6 94. f5 Rc8 95. f6 Rg8+ 96. Kh6 Rf8 97. Rh7+ Kg8 98. f7+ 1-0

[Event "World Blitz 2025"]
[Site "Doha QAT"]
[Date "2025.12.29"]
[Round "3.104"]
[White "Naiditsch, Arkadij"]
[Black "Harshavardhan, G B"]
[Result "1-0"]
[WhiteTitle "GM"]
[BlackTitle "IM"]
[WhiteElo "2574"]
[BlackElo "2477"]
[WhiteFideId "4650891"]
[BlackFideId "25059009"]
[EventDate "2025.12.29"]

1. e4 e5 2. Nf3 Nf6 3. Nc3 Nc6 4. Bb5 Bb4 5. O-O O-O 6. d3 Bxc3 7. bxc3 d6 8.
Bg5 h6 9. Bh4 Qe7 10. Bxc6 bxc6 11. Re1 Kh7 12. d4 Bg4 13. h3 Bh5 14. Qd3 Bxf3
15. Qxf3 g5 16. Qf5+ Kh8 17. Bg3 Nd7 18. Rab1 Rab8 19. Rb3 Kg7 20. Rd1 exd4 21.
cxd4 Qe6 22. Qf3 Rxb3 23. axb3 c5 24. d5 Qf6 25. Qxf6+ Kxf6 26. Ra1 Ra8 27. Ra6
Nb8 28. Ra5 a6 29. e5+ Ke7 30. Ra4 Ra7 31. Re4 Kd7 32. h4 a5 33. hxg5 hxg5 34.
Rg4 dxe5 35. Bxe5 Na6 36. Rxg5 c4 37. Rg7 Ke7 38. g4 cxb3 39. cxb3 Nb4 40. g5
Ra6 41. Bf6+ Kd6 42. Rxf7 Nxd5 43. g6 Ke6 44. Bd4 Ra8 45. f4 Ne7 46. Rf6+ Kd5
47. Bb2 a4 48. bxa4 Rxa4 49. g7 Rb4 50. Be5 Ke4 51. Rf7 Kf3 52. Rxe7 Rb1+ 53.
Kh2 1-0